Oprawa zewnętrzna organów z kościoła Św

Titel: Oprawa zewnętrzna organów z kościoła Św : Trójcy w Gdańsku - problem rekonstrukcji
Verfasser:
In: Organy i muzyka organowa, Band 5 (1984), Seite 151-156
alle Artikel anzeigen
Veröffentlicht: 1984
Format: Aufsatz
Sprache: Polnisch
Kein Bild verfügbar
X
alg: 39192883
001A    $01999:11-11-16 
001B    $01999:16-05-21 $t20:17:43.000 
001C    $06050:19-11-16 $t22:34:47.000 
001D    $01999:11-11-16 
001U    $0utf8 
001X    $00 
002@    $0Aox 
003@    $039192883X 
007A    $039192883X $aHEB 
007T    $0Herd21785 
010@    $apol 
011@    $a1984 
021A    $aOprawa zewnętrzna organów z kościoła Św $dTrójcy w Gdańsku - problem rekonstrukcji 
027A    $aDie äußerlichen Rahmen der Orgeln aus der Kirche der Heiligen Dreieinigkeit in Danzig - das Problem der Rekonstruktion 
028A    $aWierczorkiewicz $dHanna 
031A    $d5 $h151-156 $j1984 
039B    $aIn $8--Abvc--. Organy i muzyka organowa. - Gdańsk : PWSM, 1977- $x198400000050000849 $9069853657 
045F    $a307.094382 $eDDC23BSB 
045F/01 $a307.09 
045F/03 $g4382 
045F/03 $g43832 
045T    $a9,2 
046C    $aDie äußerlichen Rahmen der Orgeln aus der Kirche der Heiligen Dreieinigkeit in Danzig - das Problem der Rekonstruktion $bÜbers. des Hauptsacht. 

lok: 39192883 78

exp: 39192883 78 1 #EPN
201B/01 $026-11-17 $t23:15:49.000 
201U/01 $0utf8 
203@/01 $0788024663 
208@/01 $a11-11-16 $be 
209A/01 $a/ $f000 $x00 
220C/01 $aTitelaufnehmer: kl 
244Z/01 $2Trx $#Prusy Wschodnie i Zachodnie $8--Trx--Ost- und Westpreußen $x01 $939113373X 
244Z/01 $#Danzig $#Ville Libre de Danzig $#Dantzig $#Ville Libre de Dantzig $#Freistaat Danzig $#Gdańsk $#Freie Stadt Danzig $#Urząd Miejski w Gdańsku $#Gyddanzyc $#Gedanum $#Dantiscum $74011039-4 $8--Tg1--Danzig $x02 $9085022225 
244Z/01 $2Trx $#orelid $#vargonai $#Organs $#orgonák $#organy $#organy $#varhany $8--Trx--Orgeln $x03 $9391375172 
244Z/01 $2Trx $8--Trx--Zeitschriftenaufsatz $x04 $9391384341 
245Z/01 $a13.03 $x01 
245Z/01 $a11.09 $x02 
247C/01 $82080>Marburg/Lahn, Herder-Institut, Forschungsbibliothek, Bibliographieportal $9336309341
LEADER 00000caa a22000002c 4500
001 39192883X
003 DE-603
005 20210516201743.0
007 tu
008 161111s1984 xx |||| | u00||u|pol c
035 |a (DE-599)HEB39192883X 
040 |a DE-603  |b ger  |c DE-603  |d DE-603 
041 |a pol 
082 0 4 |8 1\u  |a 307.094382  |q DE-101  |2 23/BSB 
084 |a 9,2  |2 ssgn 
085 |8 1\u  |b 307.09 
085 |8 1\u  |z 2  |s 4382 
085 |8 1\u  |z 2  |s 43832 
100 1 |a Wierczorkiewicz, Hanna 
245 0 0 |a Oprawa zewnętrzna organów z kościoła Św  |b Trójcy w Gdańsku - problem rekonstrukcji 
246 1 |i Übers. des Hauptsacht.  |a Die äußerlichen Rahmen der Orgeln aus der Kirche der Heiligen Dreieinigkeit in Danzig - das Problem der Rekonstruktion 
246 1 3 |a Die äußerlichen Rahmen der Orgeln aus der Kirche der Heiligen Dreieinigkeit in Danzig - das Problem der Rekonstruktion 
264 0 |c 1984 
773 0 8 |i In  |t Organy i muzyka organowa  |d Gdańsk : PWSM, 1977-  |g Band 5 (1984), Seite 151-156  |w (DE-603)069853657  |w (DE-600)1270076-9 
924 0 |9 2080  |a (DE-603)788024663  |b DE-2080  |c HES  |d d  |g /